The Cold War: A World History (Запис № 463359)
[ простий вигляд ]
| 000 -Лідер | |
|---|---|
| fixed length control field | 02334 a2200253 4500 |
| 001 - Контрольний номер | |
| control field | 216219252 |
| 003 - Ідентифікатор контрольного номера | |
| control field | UA-OsUOA |
| 005 - Дата та час останнього входження (трансакції) | |
| control field | 20200917112113.0 |
| 008 - Елементи даних фіксованої довжини – загальна інформація | |
| fixed length control field | 200917b -us||||g |||| 00| 0 eng d |
| 020 ## - Міжнародний стандартний книжковий номер (ISBN) | |
| Міжнародний стандартний книжковий номер (ISBN) (НП) | 9781541674097 |
| 040 ## - Джерело каталогізації | |
| Агенція оригінальної каталогізації | UA-OsUOA |
| Мова каталогізації | ukr |
| Агенція, яка здійснювала перезапис | UA-OsUOA |
| Агенція, яка здійснювала модифікацію | UA-OsUOA |
| 041 ## - Код мови | |
| Код мови тексту/ звукової доріжки чи окремого заголовка (П) | eng |
| 080 ## - Індекс Універсальної десяткової класифікації | |
| Індекс Універсальної десяткової класифікації (УДК) (НП) | 94 |
| 090 ## - Локальний шифр розміщення | |
| Класифікаційний індекс УДК | 94 |
| Авторський знак (НП) | W59 |
| 100 ## - Основне введення – ім’я особи | |
| Ім’я особи (НП) | Westad O. A. |
| 245 ## - Відомості про назву | |
| Назва (НП) | The Cold War: A World History |
| Дані про відповідальність (НП) | Odd Arne Westad |
| 260 ## - Публікація, розповсюдження і т.п. (Вихідні дані) | |
| Ім’я/ наймення видавництва, розповсюджувача і т.п. (П) | Basic Book |
| Дата публікації, розповсюдження і т.п. (П) | 2017 |
| Місце публікації, розповсюдження і т.п. (П) | New York |
| 300 ## - Фізичний опис | |
| Обсяг | 710 p. |
| 520 ## - Резюме і т.п. | |
| Резюме, реферат, анотація, тощо (НП) | The definitive history of the Cold War and its impact around the world<br/><br/>We tend to think of the Cold War as a bounded conflict: a clash of two superpowers, the United States and the Soviet Union, born out of the ashes of World War II and coming to a dramatic end with the collapse of the Soviet Union. But in this major new work, Bancroft Prize-winning scholar Odd Arne Westad argues that the Cold War must be understood as a global ideological confrontation, with early roots in the Industrial Revolution and ongoing repercussions around the world.<br/><br/>In The Cold War, Westad offers a new perspective on a century when great power rivalry and ideological battle transformed every corner of our globe. From Soweto to Hollywood, Hanoi, and Hamburg, young men and women felt they were fighting for the future of the world. The Cold War may have begun on the perimeters of Europe, but it had its deepest reverberations in Asia, Africa, and the Middle East, where nearly every community had to choose sides. And these choices continue to define economies and regimes across the world.<br/><br/>Today, many regions are plagued with environmental threats, social divides, and ethnic conflicts that stem from this era. Its ideologies influence China, Russia, and the United States; Iraq and Afghanistan have been destroyed by the faith in purely military solutions that emerged from the Cold War.<br/><br/>Stunning in its breadth and revelatory in its perspective, this book expands our understanding of the Cold War both geographically and chronologically, and offers an engaging new history of how today's world was created. |
| 650 ## - Додаткове предметне введення – тематичний термін | |
| Джерело заголовка чи терміна | UDC |
| Тематичний термін чи географічна назва, як елемент введення (НП) | 94 Історія загалом |
| 942 ## - Додаткові елементи входу (Коха) | |
| Тип елемента Koha | Книги |
| Source of classification or shelving scheme | Universal Decimal Classification |
| 955 ## - Код типу видання за змістом | |
| Код типу видання за змістом (НП) | Науково-популярні видання |
| Стан вилучень | Стан втрат | Джерело класифікації або схеми стелажів | Стан уражень | Не для кредиту | Код колекції | Постійне місце розташування | Поточне розміщення | Дата придбання | Джерело придбання | Вартість, звичайна ціна покупки | Усього замовленно | Повний номер виклику | Штрих-код | Дата останнього перегляду | Дата останньої перевірки | Вартість, ціна заміни | Ціна ефективна від | Тип елемента Koha | Примітка, призначена для загального доступу |
|---|---|---|---|---|---|---|---|---|---|---|---|---|---|---|---|---|---|---|---|
| Universal Decimal Classification | Paul Gordon Brodoway Collection | ВІЛ - Відділ іноземн. літератури НБ | ВІЛ - Відділ іноземн. літератури НБ | 17/09/2020 | №9/2020 | 15.00 | 1 | 94 W59 | 217124 | 23/12/2024 | 07/09/2021 | 15.00 | 17/09/2020 | Книги | Бродовей Пол Гордон |